00357nam a2200157Ia 45000010006000000050017000060080041000230410008000640820018000721000032000902450020001222600009001423000032001516500008001836540008001911550720260306170201.0260306t2016||||xx |||||||||||||| ||und|| aESP a541.369bB141 aBhattacharjee, SubrataeAUT 0aTermodinámica c2016 axx, 696 páginas :c27 cm. aGEN aCCN